000 00915nam a22002897a 4500
003 CHAP
005 20220329140610.0
008 971013s1919 r 00010 d
010 _a54546
011 _a55518
035 _a59670
040 _cCHAP
082 _a025.2
_bS4i
111 0 0 _aSeminario sobre la Adquisición de Materiales Latinoamericanos en Bibliotecas.
_9104301
245 _aIndex to the SALAM progres reports 19 -19
260 _aAmherst, Mass. :
_bThe seminar,
_c19 -19
300 _av.
500 _aLa biblioteca tiene: 1956-1970
590 _aBATCH-UPD
_b10
_c20130110
_lUCH01
_h0834
590 _aBATCH-UPD
_b10
_c20130410
_lUCH01
_h0512
590 _aBATCH-UPD
_b10
_c20130913
_lUCH01
_h1938
590 _aCONVERSION
_b10
_c20130109
_lUCH01
_h1329
650 1 4 _aAdquisiciones (Bibliotecas)
_9963
901 _aBK
942 _cLIBRO
949 _a025.2 S4i
_bBC
_cB
_d-128971
_eB
_h71538
_i59670
_si
999 _c54546
_d54546